| 000 | 00690nam a2200229 i 4500 | ||
|---|---|---|---|
| 001 | 20236 | ||
| 003 | ES-MaACL | ||
| 005 | 20240530125022.0 | ||
| 007 | t| | ||
| 008 | 021108s1982 sp ||||1| spa d | ||
| 100 | 1 |
_aAguirre, José María. _918827 |
|
| 245 | 1 | 0 |
_aAntonio Machado, poeta simbolista / _cJosé María Aguirre. |
| 250 | _a2ª ed. corr. y aum. | ||
| 260 |
_a[Madrid] : _bTaurus, _c[1982] |
||
| 300 |
_a397 p. ; _c21 cm. |
||
| 490 | 1 |
_aPersiles ; _v59 |
|
| 600 | 1 | 4 |
_aMachado, Antonio, _d1875-1939- _xCrítica e interpretación _975154 |
| 830 | 0 | 0 |
_aPersiles ; _v59 _9236720 |
| 852 |
_aES-MaACL _jL-4669 _bR.104118 |
||
| 942 | _2udc | ||
| 999 |
_c20236 _d20236 |
||